Statistiques concernant Pays les plus proches du Venezuela - Une Minute Sprint

Cliquez ici pour prendre le quiz!

Statistiques générales

  • Ce quiz a été pris 58 fois
  • Le résultat moyen est 10 sur 20

Statistiques - réponses

kmpays% Correct
0Brésil
98%
0Colombie
94%
0Guyana
84%
441Panama
82%
293Suriname
80%
562Pérou
76%
14Trinité-et-Tobago
64%
139Grenade
48%
357Barbade
46%
345Sainte-Lucie
46%
206Saint-Vincent-et-les-
Grenadines
44%
696Antigua-et-Barbuda
40%
673Saint-Christophe-
et-Niévès
36%
500Dominique
28%
676Haïti
26%
80Curaçao
22%
831Jamaïque
18%
621République dominicaine
16%
27Aruba
12%
765Sint Maarten
0%

Distribution des résultats

Percentile par nombre de réponses

% des personnes avec chaque résultat

Votre développement - résultats

Vous n’avez pas pris ce quiz